000
00191 a2200097 4500
020
_a
9781846865541
041
_a
spa
100
_a
Stella Blackstone
245
_a
Oso en el Trabajo
942
_c
K
999
_c
30521
_d
30519